Music Quiz

Random Music or Rock Quiz

Mott the Hoople UK Top 40 Singles Quiz Stats

 Plays Quiz not verified by Sporcle

Support Sporcle.
Go Orange.
Score 0/6 Timer 02:00
0 Plays Today
Year Song % Correct
1972All The Young Dudes
96.3%
1973All The Way From Memphis
75.9%
1973Roll Away The Stone
74.1%
1973Honaloochie Boogie
48.1%
1974The Golden Age of Rock 'n' Roll
42.6%
1974Foxy, Foxy
29.6%

You're not logged in!

Compare scores with friends on all Sporcle quizzes.
OR
Log In

From the Vault

Finish the Famous 'Last Words'

by Blackhawks65

These folks made memorable, poetic or simply puzzling exits.
Remove Ads.
Support Sporcle.
Get the best of Sporcle when you Go Orange. This ad-free experience offers more features, more stats, and more fun while also helping to support Sporcle. Thank you for becoming a member.

Show Comments

Extras

Top Quizzes Today


Score Distribution

Your Account Isn't Verified!

In order to create a playlist on Sporcle, you need to verify the email address you used during registration. Go to your Sporcle Settings to finish the process.

Report this User

Report this user for behavior that violates our Community Guidelines.

Details: